[Event "Tch-POR 1st Div Final"]
[Site "Vila Nova de Gaia POR"]
[Date "2010.07.29"]
[Round "6.6"]
[White "Oliveira,L"]
[Black "Ferreira,C1"]
[Result "1-0"]
[WhiteElo "2125"]
[BlackElo "1953"]

1.e4 c5 2.Nf3 d6 3.d4 cxd4 4.Nxd4 Nf6 5.Nc3 a6 6.Be3 e5 7.Nb3 Be6 8.Qd2 Nbd7
9.f3 Qc7 10.Nd5 Bxd5 11.exd5 Rc8 12.c4 Be7 13.Be2 O-O 14.O-O Nh5 15.Na5 Nf4
16.b4 Nxe2+ 17.Qxe2 f5 18.Rfd1 f4 19.Bf2 Rfe8 20.Rac1 Nf6 21.Nb3 Bf8 22.Nd2 g5
23.Ne4 Nxe4 24.Qxe4 b5 25.c5 dxc5 26.bxc5 Qb7 27.Qf5 b4 28.d6  1-0

[Event "Brunei Inv IM"]
[Site "Bandar Seri Begawan BRU"]
[Date "2010.07.30"]
[Round "9"]
[White "Barbosa,O PHI"]
[Black "Ramnath Bhuvanesh,R"]
[Result "0-1"]
[WhiteElo "2433"]
[BlackElo "2376"]

1.e4 c5 2.Nf3 d6 3.d4 cxd4 4.Nxd4 Nf6 5.Nc3 a6 6.Be3 e5 7.Nb3 Be7 8.f3 Be6
9.Qd2 O-O 10.O-O-O a5 11.a4 Nc6 12.g4 Nb4 13.Kb1 Rc8 14.h4 d5 15.g5 Ne8 16.exd5 Bf5
17.Rc1 b6 18.h5 Nd6 19.Be2 Qd7 20.Na1 Nc4 21.Bxc4 Rxc4 22.b3 Rxc3 23.Qxc3 Nxd5
24.Qe1 b5 25.Rd1 Qc6 26.axb5 Qxb5 27.Qd2 Rd8 28.Kb2 a4 29.c4 a3+ 30.Kc1 Qb8
31.Qe2 Nb4 32.Rxd8+ Qxd8 33.Rd1 Nd3+ 34.Rxd3 Bxd3 35.Qd2 f6 36.Nc2 fxg5 37.Nb4 Qa8
38.Qxd3 Bxb4 39.Kb1 Qxf3 40.c5 Kf8 41.Qd8+ Kf7 42.Qc7+ Kf6 43.Qb6+ Kf5 44.Qxb4 Qxe3
45.c6 Qg1+ 46.Ka2 Qg2+ 47.Kxa3 Qxc6 48.Qf8+ Qf6 49.Qc8+ Kf4 50.Qc1+ Kg4 51.Qd1+ Kf5
52.Qd7+ Ke4 53.Qg4+ Ke3 54.Qg3+ Kd4 55.Qg1+ Kd5 56.Qd1+ Ke6 57.Qg4+ Ke7 58.Qe4 Qd6+
59.b4 Qa6+ 60.Kb3 Qe6+ 61.Ka4 g4 62.b5 Qa2+ 63.Kb4 Qb2+ 64.Kc5 Qc3+ 65.Kb6 Qd4+
66.Qxd4 exd4 67.Kc5 g3 68.b6 Kd7  0-1

[Event "TCh-MNE Premier League"]
[Site "Cetinje MNE"]
[Date "2010.07.30"]
[Round "7"]
[White "Djukic,Ni"]
[Black "Vulevic,V"]
[Result "1/2-1/2"]
[WhiteElo "2503"]
[BlackElo "2292"]

1.e4 c5 2.Nf3 a6 3.Nc3 d6 4.d4 cxd4 5.Nxd4 Nf6 6.Be3 e5 7.Nb3 Be7 8.f3 h5
9.Qd2 Be6 10.O-O-O Nbd7 11.Kb1 O-O 12.a3 Rc8 13.f4 b5 14.Bd3  1/2-1/2

[Event "Open"]
[Site "Szombathely HUN"]
[Date "2010.07.31"]
[Round "5"]
[White "Berta,S"]
[Black "Havanecz,B"]
[Result "0-1"]
[WhiteElo "1866"]
[BlackElo "1848"]

1.e4 c5 2.Nf3 d6 3.d4 cxd4 4.Nxd4 Nf6 5.Nc3 a6 6.Be3 e5 7.Nb3 Be6 8.Qd2 Be7
9.O-O-O O-O 10.Kb1 Ng4 11.g3 Nd7 12.f4 Nxe3 13.Qxe3 f5 14.Bd3 b5 15.exf5 Bxf5
16.Bxf5 Rxf5 17.Qe4 Rf8 18.Nd5 Nf6 19.Nxf6+ gxf6 20.Rhe1 Qc7 21.g4 Rac8 22.Nd2 Rf7
23.f5 d5 24.Qd3 d4 25.Ne4 b4 26.b3 a5 27.Rc1 Qc6 28.h3 a4 29.Red1 Ra8 30.Rd2 Kh8
31.Rdd1 Rg8 32.Re1 Bf8 33.Qd2 Ra7 34.Re2 Be7 35.Rd1 Rc7 36.Ree1 Rgc8 37.Re2 Rg8
38.Ree1 Qb7 39.Rc1 Rgc8 40.Qd3 Rc3 41.Nxc3 bxc3 42.Re2 Ba3 43.Rf1 Bb2 44.Rfe1 Rc6
45.Rg1 Qb4 46.Rgg2 Qa3 47.Qd1 Ra6 48.g5 axb3 49.cxb3 Qxa2+ 50.Kc2 Rb6 51.Kd3 Rxb3
52.Rc2 Qa6+ 53.Ke4 Qc6+ 54.Kd3 e4+  0-1

[Event "Open"]
[Site "Szombathely HUN"]
[Date "2010.08.01"]
[Round "6"]
[White "Jurcik,Mari"]
[Black "Aczel,G"]
[Result "1/2-1/2"]
[WhiteElo "2484"]
[BlackElo "2382"]

1.e4 c5 2.Nf3 d6 3.d4 cxd4 4.Nxd4 Nf6 5.Nc3 a6 6.Be3 e5 7.Nf3 Be7 8.Bc4 O-O
9.O-O Be6 10.Bb3 Nc6 11.Qe2 Na5 12.Rfd1 Qc7 13.Bg5 Rac8 14.Rac1 Nh5 15.Qd2 Bxg5
16.Nxg5 Nxb3 17.cxb3 Qe7 18.Nxe6 fxe6 19.Qxd6 Qf6 20.Qd2 Nf4 21.Qe3 Qg5 22.Qg3 Qh5
23.Kh1 Rcd8 24.f3 Rd4 25.Rc2 Rf6 26.Qf2 Rh6 27.Qg1 g5 28.Rcd2 g4 29.fxg4 Qxg4
30.Rxd4 exd4 31.Rxd4 Qg3 32.Rd8+ Kf7 33.Rd1 Ke8 34.e5 b6 35.b4 Rh4 36.Ne4 Ne2
37.Rd8+ Ke7 38.Rd7+ Ke8 39.Rd8+ Ke7 40.Rd7+ Ke8 41.Rd8+  1/2-1/2

[Event "ch-AUT"]
[Site "Vienna AUT"]
[Date "2010.08.01"]
[Round "9"]
[White "Halvax,G"]
[Black "Hoelzl,F"]
[Result "0-1"]
[WhiteElo "2255"]
[BlackElo "2325"]

1.e4 c5 2.Nf3 d6 3.d4 cxd4 4.Nxd4 Nf6 5.Nc3 a6 6.Be3 Ng4 7.Bc1 Nf6 8.Be3 Ng4
9.Bg5 h6 10.Bh4 g5 11.Bg3 Bg7 12.Be2 h5 13.Bxg4 Bxg4 14.f3 Be6 15.Qd2 Qa5
16.Bf2 Nc6 17.Nce2 Qxd2+ 18.Kxd2 Rc8 19.b3 h4 20.c3 d5 21.Nxe6 fxe6 22.Nd4 Kd7
23.Rhe1 h3 24.exd5 exd5 25.Ne6 Bf6 26.g3 Ne5 27.Nd4 g4 28.fxg4 Nxg4 29.Bg1 e5
30.Ne2 Rhf8 31.Rad1 Bg5+ 32.Kc2 Kc6 33.Rf1 Be3 34.Kb1 b5 35.Rde1 Bxg1 36.Rxf8 Rxf8
37.Nxg1 Nxh2 38.Nxh3 Nf3 39.Re3 b4 40.cxb4 d4 41.Re2 e4 42.Nf4 Kd6 43.Kb2 e3
44.a4 Rg8 45.Ng2 Ng1 46.Re1 Rxg3 47.Rxg1 e2 48.Kc2 Rxg2 49.Re1 Rg3 50.Kd2 d3
51.Rh1 Rf3 52.Rh6+ Ke5 53.Rh5+ Ke4 54.Rh4+ Rf4 55.Rh3 Rf1 56.Re3+ Kf4 57.Kxd3 e1=Q
58.Rxe1 Rxe1 59.Kd4 Re5 60.Kc4 Kf5 61.Kd4  0-1

[Event "19th Open"]
[Site "Kavala GRE"]
[Date "2010.08.02"]
[Round "4"]
[White "Bakre,T"]
[Black "Nikolov,Mo"]
[Result "1-0"]
[WhiteElo "2509"]
[BlackElo "2552"]

1.e4 c5 2.Nf3 d6 3.d4 cxd4 4.Nxd4 Nf6 5.Nc3 a6 6.Be3 e5 7.Nf3 Be7 8.Bc4 O-O
9.O-O Be6 10.Qe2 Qc7 11.Bxe6 fxe6 12.Ng5 Qd7 13.Qc4 d5 14.exd5 exd5 15.Qb3 h6
16.Nf3 Qe6 17.Rad1 Rd8 18.Rfe1 Nc6 19.Bd4 b5 20.Nxe5 Na5 21.Ng6 Qxe1+ 22.Rxe1 Bf8
23.Bxf6 gxf6 24.Qxd5+ Rxd5 25.Nxd5 Rd8 26.Rd1 Bd6 27.Nge7+ Kf7 28.Nf5 Bf8
29.Nde3  1-0

[Event "IM"]
[Site "Szombathely HUN"]
[Date "2010.08.04"]
[Round "9"]
[White "Farkas,Ti"]
[Black "Jurcik,Mart"]
[Result "1/2-1/2"]
[WhiteElo "2246"]
[BlackElo "2382"]

1.e4 c5 2.Nf3 d6 3.d4 cxd4 4.Nxd4 Nf6 5.Nc3 a6 6.Be3 e5 7.Nb3 Be7 8.Qd2 O-O
9.O-O-O Be6 10.f4 Ng4 11.g3 Nxe3 12.Qxe3 Nd7 13.Kb1 b5 14.f5 Bc4 15.Bxc4 bxc4
16.Nd2 Nb6 17.Qe2 Qc7 18.Nf1 Rab8 19.Ne3 Qc5 20.Ka1  1/2-1/2

[Event "97th ch-GBR"]
[Site "Canterbury ENG"]
[Date "2010.08.05"]
[Round "10"]
[White "Hunt,A"]
[Black "Gordon,S"]
[Result "1/2-1/2"]
[WhiteElo "2408"]
[BlackElo "2534"]

1.e4 c5 2.Nf3 d6 3.d4 cxd4 4.Nxd4 Nf6 5.Nc3 a6 6.Be3 e5 7.Nb3 Be7 8.f3 Be6
9.Qd2 h5 10.Be2 Nbd7 11.a4 Nb6 12.O-O Rc8 13.a5 Nc4 14.Bxc4 Bxc4 15.Rfd1 h4
16.Qf2 h3 17.g3 O-O 18.Nc5 Nh7 19.Nd3 Qe8 20.g4 Kh8 21.Qg3 g6 22.Qxh3 f5
23.Nf2 Qf7 24.Bh6 Rg8 25.Be3 Rc6 26.Rd2 Rf8 27.Bh6 Rg8 28.Be3 Rf8 29.Bh6 Rg8  1/2-1/2

[Event "111th US Open"]
[Site "Irvine USA"]
[Date "2010.08.06"]
[Round "?"]
[White "Roper,D"]
[Black "Matikozian,A"]
[Result "0-1"]
[WhiteElo "2288"]
[BlackElo "2478"]

1.e4 c5 2.Nf3 d6 3.d4 cxd4 4.Nxd4 Nf6 5.Nc3 a6 6.Be3 e5 7.Nb3 Be6 8.f3 Nbd7
9.Qd2 b5 10.g4 Nb6 11.g5 Nh5 12.Nd5 Bxd5 13.exd5 Rc8 14.Rd1 Nc4 15.Bxc4 bxc4
16.Nc1 c3 17.bxc3 Be7 18.Nd3 O-O 19.Nb4 Qd7 20.Nc6 Rxc6 21.dxc6 Qxc6 22.O-O Rc8
23.Rb1 d5 24.Rb6 Qc4 25.Rfb1 g6 26.Rb8 Rxb8 27.Rxb8+ Kg7 28.Re8 Bd6 29.f4 d4
30.cxd4 exf4 31.Bf2 Qb5 32.Qe2 Qxg5+ 33.Kf1 Qd5 34.c4 Qh1+ 35.Bg1 f3 36.Qb2 Nf6
37.Re1 Ng4 38.d5+ f6 39.Qxf6+  0-1

[Event "111th US Open"]
[Site "Irvine USA"]
[Date "2010.08.06"]
[Round "7"]
[White "Thaler,Mi"]
[Black "Matikozian,A"]
[Result "1/2-1/2"]
[WhiteElo "2253"]
[BlackElo "2478"]

1.e4 c5 2.Nf3 d6 3.d4 cxd4 4.Nxd4 Nf6 5.Nc3 a6 6.Be3 e5 7.Nb3 Be6 8.f3 Nbd7
9.g4 b5 10.g5 Nh5 11.Qd2 Nb6 12.Nd5 Bxd5 13.exd5 Rc8 14.Na5 Nxd5 15.Nb7 Qc7  1/2-1/2

[Event "MGU-14 Open"]
[Site "Sofia BUL"]
[Date "2010.08.07"]
[Round "3"]
[White "Toshev,V"]
[Black "Petrov,Vl3"]
[Result "1/2-1/2"]
[WhiteElo "1885"]
[BlackElo "1953"]

1.e4 c5 2.Nf3 d6 3.d4 cxd4 4.Nxd4 Nf6 5.Nc3 a6 6.Be3 e5 7.Nb3 Be6 8.f3 Be7
9.Qd2 O-O 10.O-O-O Nbd7 11.Nd5 Nxd5 12.exd5 Bf5 13.g4 Bg6 14.g5 a5 15.Kb1 Rc8
16.Bd3 Bxd3 17.Qxd3 a4 18.Nd2 Bxg5 19.Ne4 Bxe3 20.Qxe3 Nc5 21.h4 Nxe4 22.fxe4 f5
23.exf5 Rxf5 24.Rdg1 Qf6 25.Qa7 Rf2 26.Rc1 Qf7 27.Qxa4 Qxd5 28.Rhg1 Qe6 29.Qa7 Rf7
30.h5 Rfc7 31.Qe3 d5 32.Rg5 Re7 33.Re1 Qc6 34.Qb3 Qc5 35.a3 Rce8 36.Qg3 Qd6
37.h6 Qxh6 38.Rgxe5 Rxe5 39.Rxe5 Rxe5 40.Qxe5 Qc6 41.Qb8+ Kf7 42.Qf4+ Qf6
43.Qc7+ Qe7 44.Qf4+ Kg6  1/2-1/2

[Event "14th HZ Open"]
[Site "Vlissingen NED"]
[Date "2010.08.07"]
[Round "1"]
[White "Van de Braak,Joey"]
[Black "Kohlweyer,B"]
[Result "0-1"]
[WhiteElo "1937"]
[BlackElo "2436"]

1.e4 c5 2.Nf3 d6 3.d4 cxd4 4.Nxd4 Nf6 5.Nc3 a6 6.Be3 e6 7.Qd2 b5 8.f3 Nbd7
9.g4 Bb7 10.O-O-O Rc8 11.h4 Nb6 12.g5 Nfd7 13.Kb1 b4 14.Nce2 Nc4 15.Qc1 Ncb6
16.Ng3 Qc7 17.Bf2 d5 18.Bd3 Bd6 19.Nge2 dxe4 20.fxe4 Be5 21.Rhg1 O-O 22.Bg3 Rfd8
23.Bxe5 Qxe5 24.Nf3 Qc5 25.h5 Na4 26.g6 fxg6 27.h6 Nxb2 28.Bc4 Nxc4 29.hxg7 Bxe4
30.Ng5 Qe5  0-1

[Event "MGU-14 Open"]
[Site "Sofia BUL"]
[Date "2010.08.08"]
[Round "5"]
[White "Toshev,V"]
[Black "Vasilev,N"]
[Result "1/2-1/2"]
[WhiteElo "1885"]
[BlackElo "2305"]

1.e4 c5 2.Nf3 d6 3.d4 cxd4 4.Nxd4 Nf6 5.Nc3 a6 6.Be3 e5 7.Nb3 Be6 8.f3 Nbd7
9.Qd2 b5 10.O-O-O Be7 11.g4 b4 12.Nd5 Bxd5 13.exd5 Nb6 14.Bxb6 Qxb6 15.Kb1 a5
16.Nc1 a4 17.Bc4 O-O 18.h4 Nd7 19.Nd3 Rfc8 20.b3 Rab8 21.g5 Qd4 22.Nf2 Qxd2
23.Rxd2  1/2-1/2

[Event "FSIMB August"]
[Site "Budapest HUN"]
[Date "2010.08.11"]
[Round "5"]
[White "Szalanczy,E"]
[Black "Erdelyi,Z"]
[Result "1/2-1/2"]
[WhiteElo "2272"]
[BlackElo "2336"]

1.e4 c5 2.Nf3 d6 3.d4 cxd4 4.Nxd4 Nf6 5.Nc3 a6 6.Be3 e5 7.Nf3 Be7 8.Bc4 O-O
9.Qd3 Nc6 10.O-O b5 11.Bb3 Bb7 12.Bg5 Ne8 13.Bxe7 Nxe7 14.Rfd1 Qc7 15.Rac1 Rc8
16.h3 h6 17.a3 Ng6 18.g3 Nf6 19.Qxd6 Nxe4 20.Qxc7 Rxc7 21.Nxe4 Bxe4 22.Nd2 Bb7
23.Re1 Rd8 24.Ne4 Kf8 25.h4 f5 26.h5 Ne7 27.Rcd1 Rxd1 28.Rxd1 Nc8 29.Nc3 Ke7
30.Nd5+ Bxd5 31.Rxd5 Kf6 32.f3 Rc6 33.Rd7 Ne7 34.c3 g6 35.hxg6 Nxg6 36.Kf2 h5
37.Bd5 Rb6 38.b4 Ne7 39.Ba8 Ke6 40.Ra7 Nd5 41.Rh7 Nf6 42.Rh8 f4 43.gxf4 exf4
44.Ke2 Kf5 45.Kf2 a5 46.Rc8 axb4 47.Rc5+ Ke6 48.axb4 Ra6 49.Bb7 Ra2+ 50.Kg1 Rc2
51.Bc6 Nd7 52.Bxd7+ Kxd7 53.Rxh5 Rxc3 54.Kg2 Kc6 55.Rh6+ Kd5 56.Rh5+ Kc6
57.Rh6+ Kd5 58.Rh5+ Kd4 59.Rxb5 Rc2+ 60.Kh3 Ke3  1/2-1/2

[Event "TCh-MKD"]
[Site "Struga MKD"]
[Date "2010.08.12"]
[Round "4"]
[White "Sadiki,N"]
[Black "Nestorovic,L"]
[Result "1/2-1/2"]
[WhiteElo "2171"]
[BlackElo "2310"]

1.e4 c5 2.Nf3 d6 3.d4 cxd4 4.Nxd4 Nf6 5.Nc3 a6 6.Be3 e6 7.Be2 Qc7 8.Qd2 b5
9.f3 Bb7 10.O-O-O b4 11.Na4 Nbd7 12.Qxb4 d5 13.Qc3 Qxc3 14.Nxc3 e5 15.Nb3 d4
16.Nxd4 exd4 17.Bxd4 Bc5 18.Na4 Bxd4 19.Rxd4 Ke7 20.Rhd1 Bc6 21.b3 Bxa4 22.Rxa4 a5
23.Rad4 Rhd8 24.Bb5 Nc5 25.Rxd8 Rxd8 26.Rxd8 Kxd8 27.Kd2 Ke7 28.Ke3 g5 29.a3 Kd6
30.Bc4 Ne6 31.b4 axb4 32.axb4 Ke5 33.g3 h5 34.c3 Kd6 35.Be2 Ke5 36.h4 gxh4
37.f4+ Kd6 38.e5+ Kd7 39.exf6 hxg3 40.Bxh5 Nxf4 41.Bxf7 g2 42.Kf2 Ne2 43.Kxg2 Nxc3
44.Kf3 Nb5 45.Bd5 Kd6 46.Bc4 Nd4+ 47.Ke4 Nc2 48.b5 Na3 49.b6 Nxc4 50.b7 Kc7
51.Kd5 Nb6+ 52.Ke6 Nd7 53.f7 Nf8+ 54.Ke7 Ng6+  1/2-1/2

[Event "Pan-Armenian Olym"]
[Site "Yerevan ARM"]
[Date "2010.08.15"]
[Round "1"]
[White "Petrosian,TL"]
[Black "Doluhanova,E"]
[Result "1/2-1/2"]
[WhiteElo "2597"]
[BlackElo "2312"]

1.e4 c5 2.Nc3 a6 3.Nf3 d6 4.d4 cxd4 5.Nxd4 Nf6 6.Be3 e5 7.Nf3 Be7 8.Bc4 O-O
9.O-O Nc6 10.Bg5 Be6 11.Bb3 Nd7 12.Bxe7 Qxe7 13.Nd5 Qd8 14.Qe2 Nc5 15.Rad1 Rc8
16.h3 Ne7 17.Ne3 Bxb3 18.axb3 Qc7 19.Nd2 b5 20.c3 Qb7 21.b4 Ne6 22.Qf3 Nf4
23.Kh2 Qd7 24.Qg4 Qxg4 25.hxg4 Nd3 26.Nb1 Nxb2 27.Rxd6 Rc6 28.Rd7 Nc8 29.Nf5 g6
30.Nh6+ Kg7 31.g5 Nd6 32.Nd2 Na4 33.Ng4 Nb6 34.Nxe5 Nxd7 35.Nxc6 Rc8 36.Nd4 Rxc3
37.Ra1 Nc4 38.N2b3 Nb8 39.Nc5 Ne5 40.Rd1 h6 41.gxh6+  1/2-1/2

[Event "85th ch-FRA"]
[Site "Belfort FRA"]
[Date "2010.08.17"]
[Round "8"]
[White "Cornette,M"]
[Black "Dorfman,I"]
[Result "1/2-1/2"]
[WhiteElo "2543"]
[BlackElo "2583"]

1.e4 c5 2.Nf3 d6 3.d4 cxd4 4.Nxd4 Nf6 5.Nc3 a6 6.Be3 Ng4 7.Bc1 Nf6 8.Be3 Ng4
9.Bg5 h6 10.Bh4 g5 11.Bg3 Bg7 12.h3 Ne5 13.Nf5 Bxf5 14.exf5 Nbc6 15.Nd5 e6
16.fxe6 fxe6 17.Ne3 Qa5+ 18.c3 Nf3+ 19.Qxf3 Bxc3+ 20.Kd1 Qa4+ 21.Nc2 Bxb2
22.Rc1 Rc8 23.Bd3 Rf8 24.Qh5+ Kd7 25.Qxh6 Qxa2 26.Ke2 Bxc1 27.Rxc1 Ne7 28.Rd1 Rxc2+
29.Bxc2 Qxc2+ 30.Ke1 Ke8 31.Rxd6 Qe4+ 32.Kf1 Qb1+  1/2-1/2

[Event "FSGM August"]
[Site "Budapest HUN"]
[Date "2010.08.17"]
[Round "11"]
[White "Eid,Fa"]
[Black "Szabo,Ben"]
[Result "1-0"]
[WhiteElo "2385"]
[BlackElo "2338"]

1.e4 c5 2.Nf3 d6 3.d4 cxd4 4.Nxd4 Nf6 5.Nc3 a6 6.Be3 e5 7.Nb3 Be6 8.Qd2 Nbd7
9.O-O-O b5 10.f4 Be7 11.f5 Bc4 12.g4 Nxg4 13.Rg1 Nxe3 14.Qxe3 h6 15.Kb1 Bg5
16.Qf3 Bxf1 17.Qxf1 Nb6 18.Na5 Qc7 19.Rg3 Rc8 20.Qg2 Ke7 21.a3 Bf6 22.Na2 Na4
23.Nb4 Qxa5 24.Rxg7 Rc5 25.Rxd6 Bxg7 26.Rxa6 Qc7 27.Qxg7 Rd8 28.Re6+ Kd7
29.Na6 Qb7 30.Nxc5+ Nxc5 31.Rxe5 Kc6 32.Qxh6+ Rd6 33.Qe3 Nd7 34.Re7 b4 35.Rxf7 Qa8
36.e5 Rd1+ 37.Ka2 bxa3 38.Qe4+ Rd5 39.c4 axb2+ 40.Kxb2 Qb8+ 41.Kc2  1-0

[Event "46th Akiba Rubinstein Open A"]
[Site "Polanica Zdroj POL"]
[Date "2010.08.20"]
[Round "2"]
[White "Khamidov,K"]
[Black "Kuciel,W"]
[Result "0-1"]
[WhiteElo "1938"]
[BlackElo "2088"]

1.e4 c5 2.Nf3 d6 3.d4 cxd4 4.Nxd4 Nf6 5.Nc3 a6 6.Be3 e5 7.Nb3 Be6 8.f3 Be7
9.Qd2 O-O 10.O-O-O Nbd7 11.g4 b5 12.g5 b4 13.Nd5 Nxd5 14.exd5 Bf5 15.h4 a5
16.Bh3 Bxh3 17.Rxh3 a4 18.Na1 b3 19.cxb3 axb3 20.a3 Nb6 21.Kb1 Nc4 22.Qd3 Nxb2
23.Kxb2 Qa5 24.Nxb3 Qxa3+ 25.Kc3 Rfc8+ 26.Kd2 Qb4+ 27.Ke2 e4 28.Qb1 Qc4+
29.Kf2 Rcb8 30.Rd4 Qc3 31.Qxe4 Qxb3 32.Rh1 Bf8 33.Qd3 Qa2+ 34.Qe2 Rb2 35.Rd2 Rxd2
36.Qxd2 Qc4 37.Rc1 Qxh4+ 38.Kg2 g6 39.Bf4 Ra4 40.Bg3 Qd4 41.Qd1 Ra2+ 42.Kh3 Rd2
43.Qe1 Qxd5 44.Kh4 h6 45.Bf4 Rd4 46.Kg3 hxg5 47.Be3 Qe5+ 48.Kg2 Rh4 49.f4 Rg4+
50.Kf3 Qd5+ 51.Kxg4 Qg2+ 52.Qg3 f5+  0-1

[Event "Pan-Armenian Olym"]
[Site "Yerevan ARM"]
[Date "2010.08.20"]
[Round "6"]
[White "Minasyan,A"]
[Black "Doluhanova,E"]
[Result "0-1"]
[WhiteElo "2216"]
[BlackElo "2312"]

1.e4 c5 2.Nf3 d6 3.d4 cxd4 4.Nxd4 Nf6 5.Nc3 a6 6.Be3 e5 7.Nf3 Be7 8.Bc4 O-O
9.Bg5 Be6 10.Bxf6 Bxc4 11.Bxe7 Qxe7 12.b3 Be6 13.Nd5 Qd8 14.O-O Nc6 15.Qd2 Rc8
16.Rad1 Bg4 17.c3 Bxf3 18.gxf3 Qh4 19.Ne3 Ne7 20.Kh1 Qh3 21.Qe2 Ng6 22.Rc1 f5
23.Rg1 fxe4 24.fxe4 Qf3+ 25.Qxf3 Rxf3 26.Rc2 Rcf8 27.Nd1 R8f4 28.Rg3 Nh4
29.Re2 h6 30.Rxf3 Nxf3 31.Kg2 Ng5 32.Ne3 h5 33.c4 Rxe4 34.Rd2 Rf4 35.Rxd6 Rxf2+
36.Kxf2 Ne4+ 37.Kf3 Nxd6 38.c5 Nb5 39.Ke4 Nc3+ 40.Kxe5 Nxa2 41.Kd6 Nc1 42.b4 Nb3
43.Nc4 Nd4 44.Ne5 Nb3 45.Nd3 a5 46.b5 a4 47.Kd5 a3 48.Nb4 Na5 49.Kd6 Kf7
50.Kc7 Nb3 51.Kb6 Nd4 52.Ka5 Ke6 53.Ka4 Kd7 54.b6 g5 55.Kxa3 g4 56.Nd3 Nc6
57.Kb3 h4 58.Nf4 h3 59.Nh5 Ne5 60.Kc3 Kc6 61.Kd4 Nf3+ 62.Ke3 Nxh2 63.Kf2 Nf3  0-1

[Event "46th Akiba Rubinstein Open A"]
[Site "Polanica Zdroj POL"]
[Date "2010.08.21"]
[Round "3"]
[White "Szumilas,Pa"]
[Black "Kocwin,B"]
[Result "1-0"]
[WhiteElo "2223"]
[BlackElo "2267"]

1.e4 c5 2.Nf3 d6 3.d4 cxd4 4.Nxd4 Nf6 5.Nc3 a6 6.Be3 e5 7.Nb3 Be6 8.f4 Ng4
9.Bd2 exf4 10.Bxf4 Nc6 11.Qd2 Be7 12.O-O-O O-O 13.h3 Nge5 14.Nd5 Bxd5 15.exd5 Nb8
16.g4 Nbd7 17.g5 Re8 18.h4 Bf8 19.Kb1 Rc8 20.h5 Nf3 21.Qg2 Ne1 22.Qg3 Nxc2
23.Rh2 Nb4 24.a3 Qb6 25.axb4 Qxb4 26.Bd3 Ne5 27.Bc2 g6 28.hxg6 hxg6 29.Rdh1 Bg7
30.Qh4  1-0

[Event "46th Akiba Rubinstein Open A"]
[Site "Polanica Zdroj POL"]
[Date "2010.08.22"]
[Round "4"]
[White "Khamidov,K"]
[Black "Rychlik,P"]
[Result "1-0"]
[WhiteElo "1938"]
[BlackElo "2114"]

1.e4 c5 2.Nf3 Nf6 3.Nc3 d6 4.d4 cxd4 5.Nxd4 a6 6.Be3 Ng4 7.Bc1 Nf6 8.Be3 e6
9.f3 Qc7 10.Qd2 Be7 11.O-O-O Nbd7 12.g4 h6 13.h4 b5 14.Bd3 Ne5 15.Kb1 Bb7
16.g5 Nfd7 17.f4 Nc4 18.Qe2 Na3+ 19.Ka1 b4 20.g6 Nf6 21.Na4 Bc6 22.gxf7+ Kxf7
23.Nxc6 Qxc6 24.Nb6 Rab8 25.e5 Rxb6 26.Bxb6 Qxb6 27.Rhg1 Rc8 28.Bg6+ Kf8
29.exd6 Bxd6 30.Qxe6 Nxc2+ 31.Bxc2 Rxc2 32.Qxd6+ Qxd6 33.Rxd6 a5 34.Ra6 Rc5
35.Ra7 Nh5 36.Kb1 Rf5 37.Rg4 Rc5 38.b3 Kg8 39.Kb2 Kf8 40.a3 bxa3+ 41.Kxa3 Rd5
42.Ka4 Kg8 43.Rxa5 Rd4+ 44.b4 Nxf4 45.Rf5 Ne6 46.Rxd4 Nxd4 47.Rf4 Ne6 48.Rf1 g5
49.hxg5 hxg5 50.Rf6  1-0

[Event "6th Prospero A Pichay Cup"]
[Site "Manila PHI"]
[Date "2010.08.25"]
[Round "8"]
[White "Tirto"]
[Black "Turqueza,M"]
[Result "1/2-1/2"]
[WhiteElo "2360"]
[BlackElo "2140"]

1.e4 c5 2.Nf3 d6 3.d4 cxd4 4.Nxd4 Nf6 5.Nc3 a6 6.Be3 e5 7.Nb3 Be6 8.Qd2 Be7
9.f3 O-O 10.O-O-O Nbd7 11.g4 b5 12.g5 b4 13.Ne2 Ne8 14.f4 a5 15.f5 Bxb3 16.cxb3 a4
17.Kb1 axb3 18.axb3 Qa5 19.Nc1 Qa1+ 20.Kc2 Rc8+ 21.Bc4 Qa8 22.Qd3 Nc5 23.Bxc5 Rxc5
24.Rhg1 Kh8 25.Kb1 Bd8 26.Rg4 Ra5 27.Qh3 Ra1+ 28.Kc2 Bxg5 29.Rxg5 Qxe4+ 30.Qd3 Qf4
31.Rg2 Nf6 32.Ne2 Rxd1 33.Nxf4 Rxd3 34.Nxd3 d5 35.Nxe5 dxc4 36.bxc4 Kg8 37.Kb3 Ne4
38.Nc6 f6 39.Kxb4 Kf7 40.c5 g6 41.fxg6+ hxg6 42.Kb5 g5 43.b4 f5 44.Kc4 Rc8
45.Nd4 f4 46.h4 gxh4 47.Rg4 Rh8 48.Rxf4+ Nf6 49.Nf3 h3 50.Nh2 Ke6 51.b5 Nd7
52.Kb4 Ne5 53.Re4 Kf6 54.b6 Kf5 55.Re3 Nc6+ 56.Kb5 Nd4+ 57.Kc4 Nc6 58.Kd5 Nb4+
59.Kd6 Rd8+ 60.Kc7 Rd2 61.Rxh3 Rc2 62.b7 Na6+ 63.Kd6 Rd2+ 64.Ke7 Nb8 65.Rb3  1/2-1/2

[Event "6th Geller Memorial Open A"]
[Site "Odessa UKR"]
[Date "2010.08.25"]
[Round "5"]
[White "Kisel,N"]
[Black "Tregubov,V"]
[Result "0-1"]
[WhiteElo "1988"]
[BlackElo "2255"]

1.e4 c5 2.Nf3 d6 3.d4 cxd4 4.Nxd4 Nf6 5.Nc3 a6 6.Be3 e5 7.Nf3 Qc7 8.a4 b6
9.Qd3 Bb7 10.Nd2 Nc6 11.Nc4 Nb4 12.Qd2 Nxe4 13.Nxe4 d5 14.O-O-O Be7 15.c3 d4
16.Ned6+ Bxd6 17.Nxd6+ Qxd6 18.cxb4 Qc6+ 19.Kb1 dxe3 20.Qxe3 O-O 21.Bd3 Qxa4
22.Qxb6 Rab8 23.Qc5 Bxg2 24.Rhg1 Rxb4 25.Qxe5 Re8 26.Qg5 Rxb2+ 27.Kxb2 Rb8+
28.Kc1 Qa3+ 29.Kd2 Qb4+ 30.Ke3 Re8+  0-1

[Event "TCh-SRB 1st League"]
[Site "Vrnjacka Banja SRB"]
[Date "2010.08.25"]
[Round "5"]
[White "Perunovic,Mil"]
[Black "Marjanovic,Slavo"]
[Result "1/2-1/2"]
[WhiteElo "2558"]
[BlackElo "2505"]

1.e4 c5 2.Nf3 d6 3.d4 cxd4 4.Nxd4 Nf6 5.Nc3 a6 6.Be3 e6 7.g4 h6 8.f4 e5 9.Nf5 h5
10.Qd2 hxg4 11.O-O-O Nc6 12.fxe5 Nxe5 13.Bf4 Be6 14.Nxd6+ Bxd6 15.Qxd6 Qxd6
16.Rxd6 Nf3 17.Bg2 Nh4 18.Rg1  1/2-1/2

[Event "TCh-SRB 1st League"]
[Site "Vrnjacka Banja SRB"]
[Date "2010.08.25"]
[Round "5"]
[White "Svetushkin,D"]
[Black "Ivanisevic,I"]
[Result "0-1"]
[WhiteElo "2560"]
[BlackElo "2611"]

1.e4 c5 2.Nf3 d6 3.d4 Nf6 4.Nc3 cxd4 5.Nxd4 a6 6.Be3 e5 7.Nf3 Nc6 8.Bc4 Be6
9.Bb3 h6 10.O-O Na5 11.Qe2 Rc8 12.Rfd1 Nc4 13.Nxe5 Nxe5 14.Bxe6 fxe6 15.f4 Neg4
16.e5 Nxe3 17.exf6 Qb6 18.Kh1 Kd8 19.Rd3 Qxb2 20.Rb1 Qxc2 21.fxg7 Qxb1+ 22.Nxb1 Rc1+
23.Rd1 Nxd1 24.h3 Bxg7 25.Qxe6 Re8 26.Qxd6+ Kc8 27.Nd2 Re2 28.Nf1 Ne3  0-1

[Event "46th Akiba Rubinstein Open A"]
[Site "Polanica Zdroj POL"]
[Date "2010.08.26"]
[Round "8"]
[White "Chlost,M"]
[Black "Chrzaszcz,M"]
[Result "1-0"]
[WhiteElo "2163"]
[BlackElo "2032"]

1.e4 c5 2.Nf3 d6 3.d4 cxd4 4.Nxd4 Nf6 5.Nc3 a6 6.Be3 e5 7.Nb3 Be7 8.f3 Be6
9.Qd2 O-O 10.O-O-O Nbd7 11.g4 b5 12.Rg1 b4 13.Nd5 Bxd5 14.exd5 a5 15.g5 Nh5
16.Kb1 Qb8 17.h4 a4 18.Nc1 Qb7 19.Rg4 Rfb8 20.Qe1 Ra5 21.Nd3 Rxd5 22.Rxb4 Qa8
23.a3 Rc8 24.Bh3 Qc6 25.c4 Ra5 26.Rc1 Rd8 27.Bxd7 Rxd7 28.Rb6 Qa8 29.Nb4 Qxf3
30.Nd5 Ra8 31.Qb4 Bf8 32.Rb8 Rxb8 33.Qxb8 Ng3 34.Qc8 Qf5+ 35.Ka2 Qe6 36.Rg1 Nf5
37.Nf6+ gxf6 38.gxf6+  1-0

[Event "TCh-SRB 1st League"]
[Site "Vrnjacka Banja SRB"]
[Date "2010.08.26"]
[Round "6"]
[White "Pavlovic,MilosM"]
[Black "Popovic,Du"]
[Result "1/2-1/2"]
[WhiteElo "2483"]
[BlackElo "2564"]

1.e4 c5 2.Nf3 d6 3.d4 cxd4 4.Nxd4 Nf6 5.Nc3 a6 6.Be3 e5 7.Nf3 Qc7 8.a4 Be7
9.Be2 O-O 10.O-O h6 11.a5 Nbd7 12.Nd2 b5 13.axb6 Nxb6 14.Bxb6 Qxb6 15.Nc4 Qb8
16.b3 Be6 17.Ne3 Rc8 18.Bc4 Bd8 19.Qd3 a5 20.Ncd5 Ra7 21.Nxf6+ Bxf6 22.Bxe6 fxe6
23.Nc4 Rc5 24.Ra2 d5 25.Ne3 Rd7  1/2-1/2

[Event "46th Akiba Rubinstein Open A"]
[Site "Polanica Zdroj POL"]
[Date "2010.08.27"]
[Round "9"]
[White "Zochowski,J"]
[Black "Musialkiewicz,J"]
[Result "0-1"]
[WhiteElo "1936"]
[BlackElo "2109"]

1.e4 c5 2.Nf3 d6 3.d4 cxd4 4.Nxd4 Nf6 5.Nc3 a6 6.Be3 e6 7.Be2 Be7 8.g4 Nfd7
9.Qd2 b5 10.O-O-O Bb7 11.f3 Nb6 12.h4 N8d7 13.Bg5 b4 14.Nb1 d5 15.exd5 Bxd5
16.Qe3 O-O 17.Bxe7 Qxe7 18.Nd2 Rfc8 19.Kb1 Nc5 20.g5 Nca4 21.Ne4 Qc7 22.Bd3 Bc4
23.Qe2 Qe5 24.Bxc4 Nxc4 25.Rhg1 Kh8 26.b3 Na3+ 27.Kc1 Nxc2 28.Nxc2 Qb2+ 29.Kd2 Rxc2+  0-1

[Event "TCh-SUI 2010"]
[Site "Switzerland SUI"]
[Date "2010.08.28"]
[Round "6.3"]
[White "Kurmann,O"]
[Black "Fargere,Fr"]
[Result "1/2-1/2"]
[WhiteElo "2422"]
[BlackElo "2489"]

1.e4 c5 2.Nf3 d6 3.d4 cxd4 4.Nxd4 Nf6 5.Nc3 a6 6.Be3 e5 7.Nf3 Be7 8.Bc4 O-O
9.O-O Be6 10.Bxe6 fxe6 11.Na4 Nfd7 12.c4 Nc6 13.Qb3 Na5 14.Qd3 Rc8 15.Rac1 Nc6
16.Qb3 Na5 17.Qd3 Nc6 18.Nc3 Nc5 19.Qe2 Qe8 20.Rfd1 Rd8 21.Ne1 Qg6 22.f3 Nd7
23.Nc2 Nf6 24.Rd2 Nh5 25.Rcd1 Rc8 26.Na4 Nf4 27.Qf1 h5 28.Nb6 Rc7 29.Kh1 h4
30.h3 Nh5 31.Qe1 Ng3+ 32.Kh2 Nd8 33.b3 Nf7 34.Rf2 Bg5  1/2-1/2

[Event "7th Open"]
[Site "Kalamaria GRE"]
[Date "2010.08.29"]
[Round "6"]
[White "Erdogdu,M"]
[Black "Raykhman,A"]
[Result "1/2-1/2"]
[WhiteElo "2448"]
[BlackElo "2362"]

1.e4 c5 2.Nf3 d6 3.d4 cxd4 4.Nxd4 Nf6 5.Nc3 a6 6.Be3 e6 7.f3 b5 8.Qd2 Nbd7
9.O-O-O Bb7 10.g4 Nb6 11.Qf2 Nfd7 12.Bd3 Rc8 13.Nce2 d5 14.exd5 Nxd5 15.Nf4 Nxf4
16.Bxf4 Bc5 17.Be3 Qc7 18.Kb1 Ne5 19.Rhe1 O-O 20.f4 Nxd3  1/2-1/2

[Event "ch-POR"]
[Site "Amadora POR"]
[Date "2010.09.07"]
[Round "4"]
[White "Vasques,A"]
[Black "Diogo,V"]
[Result "1/2-1/2"]
[WhiteElo "2115"]
[BlackElo "2271"]

1.e4 c5 2.Nf3 d6 3.d4 cxd4 4.Nxd4 Nf6 5.Nc3 a6 6.Be3 e5 7.Nb3 Be6 8.f3 Nbd7
9.g4 h6 10.Qd2 b5 11.O-O-O b4 12.Nd5 Bxd5 13.exd5 Nb6 14.Qxb4 Nbxd5 15.Qa4+ Qd7
16.Qxd7+ Kxd7 17.Bd2 Be7 18.Bd3 Bd8 19.c4 Nf4 20.Bxf4  1/2-1/2